00601cam a2200217 a 450000500170000000800410001701000150005802000260007303500130009903700130011204000130012508200080013810000200014624500610016626000360022727000810026330000300034465000030037465100030037770000030038020031230185550.0940308s1993 enkab b 001 0 eng  aENG-101661 c395.00a9788184000641 aEN-85194 bDBAD/PUB adplbEng a9211 aPal, Deepanjana10aThe painter :cby Deepanjana Palba life of Ravi Varma / aNoidabRandom House Indiac2009 aMind Mill Corporate Tower, 2nd Floor, Plot No 24A Sector 16A,bNoidae2013011 axv,284p.:c20cm (Hb)bmap 0